000 01381nam a2200373Ia 4500
001 ebr10081951
003 CaPaEBR
006 m u
007 cr cn|||||||||
008 021126s2003 maua sb 001 0 eng d
010 _z 2002043669
015 _aGBA3-Z9271
020 _z1580536298
020 _z1580535399 (alk. paper)
040 _aCaPaEBR
_cCaPaEBR
035 _a(OCoLC)52839471
050 1 4 _aTK7871.58.P6
_bV79 2003eb
082 0 4 _a621.384/12
_221
100 1 _aVuolevi, Joel.
245 1 0 _aDistortion in RF power amplifiers
_h[electronic resource] /
_cJoel Vuolevi, Timo Rahkonen.
260 _aBoston :
_bArtech House,
_cc2003.
300 _aix, 258 p. :
_bill.
490 1 _aArtech House microwave library
504 _aIncludes bibliographical references and index.
533 _aElectronic reproduction.
_bPalo Alto, Calif. :
_cebrary,
_d2009.
_nAvailable via World Wide Web.
_nAccess may be limited to ebrary affiliated libraries.
650 0 _aPower amplifiers.
650 0 _aAmplifiers, Radio frequency.
650 0 _aElectric distortion
_xPrevention.
655 7 _aElectronic books.
_2local
700 1 _aRahkonen, Timo.
710 2 _aebrary, Inc.
830 0 _aArtech House microwave library.
856 4 0 _uhttp://site.ebrary.com/lib/rucke/Doc?id=10081951
_zAn electronic book accessible through the World Wide Web; click to view
999 _c156870
_d156870